Normal view
MARC view
- Fahad Kamran
Entry Personal Name
001 - CONTROL NUMBER
- control field: 10099
003 - CONTROL NUMBER IDENTIFIER
- control field: NUST
005 - DATE AND TIME OF LATEST TRANSACTION
- control field: 20180308102750.0
008 - FIXED-LENGTH DATA ELEMENTS
- fixed length control field: 180308|| aca||aabn | a|a d
040 ## - CATALOGING SOURCE
- Original cataloging agency: NUST
- Transcribing agency: NUST
100 ## - HEADING--PERSONAL NAME
- Personal name: Fahad Kamran
670 ## - SOURCE DATA FOUND
- Source citation: Work cat.: (NUST): Fahad Kamran, Rounded gradient adjusted prediction and gradient adjusted prediction for lossless image compression, 2017
